McCarthy v Bence and others (Record no. 24823)

MARC details
000 -LEADER
fixed length control field 01196cab a2200193 4500
001 - CONTROL NUMBER
control field ABS42735
008 - FIXED-LENGTH DATA ELEMENTS--GENERAL INFORMATION
fixed length control field 090401t1990 xxu||||| |||| 00| 0 eng d
035 ## - SYSTEM CONTROL NUMBER
System control number (Sirsi) u38632
041 ## - LANGUAGE CODE
Language code of text/sound track or separate title eng
245 ## - TITLE STATEMENT
Title McCarthy v Bence and others
260 ## - PUBLICATION, DISTRIBUTION, ETC.
Date of publication, distribution, etc. 1990
350 ## - PRICE (NR) (BK AM CF MU VM SE) [OBSOLETE]
Price 0
490 ## - SERIES STATEMENT
Series statement Estates Gazette
Volume/sequential designation (1990) 17 EG 78-82(3)
520 ## - SUMMARY, ETC.
Summary, etc. CA 15 December 1989. Appeal by the McCarthy (M), owner of a dairy herd, from a decision granting possession of land to Bence (B). At issue was whether a " share milking agreement " gave rise to a tenancy of an agricultural holding , and whether despite an express statement to the contrary in the written part of an agreement, exclusive possession had been granted by the owner of the land subject to the milking agreement. Held, on appeal, M did not have exclusive possession of the land and therefore was not a tenant, neither did he occupy the land under a licence which could be converted to a tenancy under the Agricultural Holdings Act 1986 s2(2)(b) , as he did not enjoy exclusive occupation . Appeal dismissed.
650 ## - SUBJECT ADDED ENTRY--TOPICAL TERM
Topical term or geographic name entry element SHARE FARMING
690 ## - LOCAL SUBJECT ADDED ENTRY--TOPICAL TERM (OCLC, RLIN)
Topical term or geographic name as entry element LANDLORD AND TENANT-CASE LAW-AGRICULTURAL TENANCIES
942 ## - ADDED ENTRY ELEMENTS (KOHA)
Suppress in OPAC 0
948 ## - LOCAL PROCESSING INFORMATION (OCLC); SERIES PART DESIGNATOR (RLIN)
c (OCLC) 04/03/1997
Holdings
Withdrawn status Lost status Source of classification or shelving scheme Damaged status Not for loan Home library Current library Shelving location Date acquired Total Checkouts Full call number Barcode Date last seen Copy number Price effective from Koha item type
    Dewey Decimal Classification     London London Journal article 14/09/1999   ABS42735 38632-1001 06/08/2019 1 06/08/2019 Law report